Statistiques concernant Culture Générale - Série 635

Cliquez ici pour prendre le quiz!

Statistiques générales

  • Ce quiz a été pris 144 fois
  • Le résultat moyen est 9 sur 10

Statistiques - réponses

QuestionRéponse% Correct
Selon la légende, quelle ville fut fondée par Romulus ?Rome
98%
Que signifient les initiales P.-S. ajoutées au bas d'une lettre après la signature ?Post-scriptum
96%
Quel mot, au masculin pluriel, désigne les ventes au rabais, périodiques et réglementées, de marchandises à la fin d'une saison commerciale ?Les soldes
95%
Dans quel sport s'illustrait l'Anglais Jonny Wilkinson lorsqu'il jouait pour le club de Toulon ?rugby
94%
Selon la légende, quel animal a recueilli et allaité Remus et Romulus ?louve
92%
Comment s'appellent les habitants du Havre ?Havrais
86%
Complétez cette réplique du film "Terminator 2 : le jugement dernier": "Hasta la vista,...Baby
84%
Quelle marionnette lyonnaise, créée par Laurent Mourguet, échange de grands coups de bâton avec un gendarme ?Guignol
84%
Que signifie le "A" du sigle A.D.N., qui désigne le constituant essentiel des chromosomes ?Acide
80%
Dans quel pays peut-on voir l'ensemble mégalithique de Stonehenge ?Grande-Bretagne
79%

Distribution des résultats

Percentile par nombre de réponses

% des personnes avec chaque résultat

Votre développement - résultats

Vous n’avez pas pris ce quiz